Influencias y compromisos internacionales en la política ambiental mexicana /

Detalles Bibliográficos
Otros Autores: Torres Ramírez, Blanca (Editor), Graizbord, Boris (Editor)
Formato: Electrónico eBook
Lenguaje:español
Publicado: Ciudad de México, México : El Colegio de México, 2023.
Edición:Primera edición electrónica.
Colección:Colección Miradas múltiples para pensar a México y al mundo ; 03.
Materias:
Acceso en línea:Digitalia Hispánica

MARC

LEADER 00000nam a2200000 i 4500
001 DIGCOLMX0514
003 NyNyDIG
006 m o d
007 cr |||||||||||
008 231209s2023 mx a ob 000 0 spa d
035 |a (OCoLC)1414666739 
040 |a DGITA  |b eng  |e rda  |e pn  |c DGITA 
020 |a 9786075645353  |q electrónico 
020 |z 9786075644868  |q impreso (vol. 03) 
043 |a n-mx---  
050 1 4 |a GE190.M6 ebook 
245 0 0 |a Influencias y compromisos internacionales en la política ambiental mexicana /  |c Blanca Torres y Boris Graizbord, editores. 
250 |a Primera edición electrónica. 
264 1 |a Ciudad de México, México :  |b El Colegio de México,  |c 2023. 
300 |a 1 online resource :  |b illustrations. 
336 |a text  |b txt  |2 rdacontent 
337 |a computer file  |b c  |2 rdamedia 
338 |a online resource  |b cr  |2 rdacarrier 
347 |a text file  |2 rdaft 
347 |b EPUB 
490 1 |a Colección Miradas múltiples para pensar a México y al mundo ;  |v 03 
504 |a Includes bibliographical references. 
588 0 |a Online resource; title from ePub title page (Digitalia, viewed December 9, 2023) 
650 0 |a Environmental policy  |z Mexico. 
650 0 |a Environmental protection  |x International cooperation. 
651 0 |a Mexico  |x Foreign relations. 
700 1 |a Torres Ramírez, Blanca,  |e editor. 
700 1 |a Graizbord, Boris,  |e editor. 
776 0 8 |i Print version:  |t Influencias y compromisos internacionales en la política ambiental mexicana.  |b Primera edición impresa.  |d Ciudad de México, México : El Colegio de México, 2023  |z 9786075644868 
791 2 |a Digitalia (Firm),  |e distributor. 
793 0 |g Digitalia eBook Collection:  |a El Colegio de México 
830 0 |a Colección Miradas múltiples para pensar a México y al mundo ;  |v 03. 
856 4 0 |3 Digitalia Hispánica  |u https://www.digitaliapublishing.com/a/131883/ 
910 |a Premium collection: 2023